[Event "VIE-ch U09"]
[Site "Ho Chi Minh City"]
[Date "2014.07.13"]
[Round "2"]
[White "Tran, Ngoc Minh Nguyen"]
[Black "Le, Dang Thanh An"]
[Result "1-0"]
[WhiteElo "1478"]
[BlackElo "1539"]
[PlyCount "103"]
[EventDate "2014.07.13"]
[EventType "swiss"]
[EventRounds "9"]
[EventCountry "VIE"]
[SourceTitle "EXT 2016"]
[Source "ChessBase"]
[SourceDate "2015.10.08"]
[SourceVersion "1"]
[SourceVersionDate "2015.10.08"]
[SourceQuality "1"]

1. e4 c5 2. Nf3 Nc6 3. d4 cxd4 4. Nxd4 Qa5+ 5. c3 Nf6 6. f3 e6 7. a3 Be7 8. Be2 0-0 9. 0-0 Nxd4 10. cxd4 d6 11. Qe1 Qxe1 12. Rxe1 Bd7 13. Nc3 Rac8 14. Bd2 Nh5 15. Be3 a6 16. Rad1 g6 17. f4 Ng7 18. d5 b5 19. Bg4 f5 20. Bf3 Rfd8 21. exf5 exf5 22. Bd4 Re8 23. Re2 Bf8 24. Rde1 Rc4 25. Bxg7 Rxe2 26. Rxe2 Kxg7 27. g3 b4 28. axb4 Rxb4 29. Kf1 Kf7 30. Ke1 Bg7 31. Kd1 Bxc3 32. bxc3 Ba4+ 33. Kc1 Rb3 34. Kd2 Rb2+ 35. Ke3 Rxe2+ 36. Bxe2 a5 37. Kd2 Bb3 38. c4 a4 39. Kc3 Ke7 40. Bd3 Kd7 41. Bc2 Bxc2 42. Kxc2 Kc7 43. Kc3 Kb6 44. Kb4 a3 45. Kxa3 Kc5 46. Kb3 h6 47. Kc3 g5 48. fxg5 hxg5 49. Kd3 Kb4 50. h4 f4 51. hxg5 fxg3 52. Ke3 1-0